Statistics for Born in Houston

Click here to take the quiz!

General Stats

  • This quiz has been taken 17 times
    (8 since last reset)
  • The average score is 12 of 41

Answer Stats

HintAnswer% Correct
Singer and former member of Destiny's Child, "Halo" "Crazy in Love" "Single Ladies"1981Beyoncé
100%
WNBA center who plays for the Phoenix Mercury, she rose to prominence outside of women's basketball after being detained in Russia 1990Brittney Griner
100%
Actor, known for his role as Sheldon Cooper in "The Big Bang Theory"1973Jim Parsons
100%
Actor, "Dirty Dancing" "Ghost" "Point Break"1952Patrick Swayze
100%
Actor, "The Parent Trap" "The Day After Tomorrow" "Traffic"1954Dennis Quaid
50%
Actress, "Lizzie McGuire" "How I Met Your Father"1987Hilary Duff
50%
Pilot, business magnate and film producer, portrayed by Leonardo DiCaprio in "The Aviator"1905Howard Hughes
50%
Quarterback who plays for the Philadelphia Eagles1998Jalen Hurts
50%
Actress, "Daredevil" "Alias" "Juno" "Dallas Buyers Club"1972Jennifer Garner
50%
Small forward who plays for the Miami Heat (former Bulls, Timberwolves and Sixers player)1989Jimmy Butler
50%
Senator from Texas since 20021952John Cornyn
50%
Kicker who plays for the Baltimore Ravens and holds the NFL record for the longest successful field goal1989Justin Tucker
50%
One of the best-selling music artistis of all time, "The Gambler" 1938Kenny Rogers
50%
Co-creator of "South Park" and "The Book of Mormon"1971Matt Stone
50%
Actor, "The Last Detail" "National Lampoon's Vacation" "Kingpin"1950Randy Quaid
50%
Retired wrestler, widely regared as one of the greatest wrestlers of all time1965The Undertaker
50%
Rapper, "Sicko Mode" "Antidote" "Goosebumps"1991Travis Scott
50%
Former quarterback who played for the Tennessee Titans and Texas Longhorns1983Vince Young
50%
Director, "The Grand Budapest Hotel" "Moonrise Kingdom" "Fantastic Mr. Fox"1969Wes Anderson
50%
Actress, known for her role as Rory Gilmore in "Gilmore Girls"1981Alexis Bledel
0%
Principal owner of the Tennessee Titans1955Amy Adams Strunk
0%
President of Baseball Operations of the Los Angeles Dodgers1976Andrew Friedman
0%
Primary vocalist of ZZ Top1949Billy Gibbons
0%
Actress, known for her role as Miranda Bailey in "Grey's Anatomy"1969Chandra Wilson
0%
Center who plays for the Philadelphia 76ers (former Clippers, Nets and Mavericks player)1988DeAndre Jordan
0%
Secreatry of Commerce from 2001 to 20051946Donald Evans
0%
Director of "Bad Times at the El Royale" and "The Cabin in the Woods", creator of "Daredevil" and screenwriter for "The Martian" and "Cloverfield"1975Drew Goddard
0%
Football Head Coach who won Super Bowl 50 with the Denver Broncos 1961Gary Kubiak
0%
Actor, known for his role as Preston Burke in "Grey's Anatomy". He was dismissed from the show after using a homophobic slur referring to a cast member1963Isaiah Washington
0%
Actress, known for her role as Kelly Garrett in "Charlie's Angels"1945Jaclyn Smith
0%
Secreatry of State from 1989 to 1992 and Chief of Staff from 1981 to 1985 and again from 1992 to 19931930James Baker
0%
Singer, known for his 1972 hit "I Can See Clearly Now"1940Johnny Nash
0%
Hall of Fame wide receiver who played for the San Diego Chargers and Dallas Cowboys1940Lance Alworth
0%
YouTuber and actress, "Liza on Demand" "Freakish" "Work It"1996Liza Koshy
0%
Actress, known for her role as title character in the series "Supergirl"1988Melissa Benoist
0%
Billionaire and founder of Dell1965Michael Dell
0%
Hall of Fame defensive end who played his whole career for the New York Giants and television host1971Michael Strahan
0%
Director, "Before" trilogy "Boyhood" "School of Rock" 1960Richard Linklater
0%
Co-discoverer of cosmic microwave background radiation and winner of the Nobel Prize in physics1936Robert Woodrow Wilson
0%
Actress, "American Pie" "Scary Movie" "Love Actually"1973Shannon Elizabeth
0%
Cornerback who plays for the Miami Dolphins1993Xavien Howard
0%

Score Distribution

Percentile by Number Answered

Percent of People with Each Score

Your Score History

You have not taken this quiz since the last reset